MDQL
is popping MORE tags! Check the
thread
!
Quizzes
Events
Quiz Creation
Community
Videos
Private Events
Remove Ads
Sign In
Join for FREE
Feedback
Dark Mode
Quiz Categories
Sports
Geography
Music
Movies
Television
Just For Fun
Miscellaneous
History
Literature
Language
Science
Gaming
Entertainment
Religion
Holiday
For Kids
Quiz Lab
Recent
Popular Today
Quiz Kudos Today
Editor Picks
Curator Picks
Quizzes by...
Day
Popularity
Type
Ratings
Length
Year
Community
Subscriptions
Recent Discussions
Orange Saloon
Badges
Playlists
Quests
Create
Leaderboards
Showdown
Live 5
Trivia Bingo
Activity
Puzzle Library
Sporcle Events
Private Events
Virtual Trivia
Globe League
Become a Host
Pub Owners
SporcleCon
Opinionation
Our Games
Videos
Blog
Mobile Apps
Partnerships
Remove Ads and Go Orange
Feedback
Literature
Harry Potter
A Song of Ice and Fire
The Hunger Games
Literary Character
Shakespeare
Book
Author
Novel
Poem
Young Adult
Children's Books
Play
Lord of the Rings
Literature
Harry Potter
A Song of Ice and Fire
The Hunger Games
Literary Character
Shakespeare
Book
Author
Novel
Poem
Young Adult
Children's Books
Play
Lord of the Rings
Random Quiz
Search Sporcle
×
Quiz Lab
Quiz Lab
Literature
Young Adult
Type in answers that appear in a list
Type in answers that appear in a list
Classic
Best Score? Go Orange.
Alex Rider Characters Stats
Can you name the Alex Rider Characters?
By
millsieminor
12m
36 Questions
1,576 Plays
1,576 Plays
1,576 Plays
Comments
Comments
Give Quiz Kudos
Give Quiz Kudos
-
- Ratings
hide this ad
Replay
Link that replays current quiz
Next Quiz
Link to next quiz in quiz playlist
You Got
0%
They Got
Avg Score
42%
Avg Friend Score
Upgrade to see
Score Distribution
Jump to the score distribution portion of the page
Score
0/36
Timer
12:00
0
Plays Today
Hint
Character
% Correct
Main Protagonist
Alex Rider
94.2%
Housekeeper/
Best Friend
Jack Starbright
87.2%
Alex's Dad
John Rider
79.2%
Head Of Special Operations
Alan Blunt
74.8%
Alex's Girlfriend
Sabina Pleasure
72.6%
Blunt's Right-
Hand-
Woman
Mrs. Jones
71.9%
Inventor Of Stormbreaker
Herod Sayle
66.8%
The Man That Designs Gadgets For MI6
Smithers
59.6%
John's Best Friend And Alex's Godfather
Ash
57.1%
Temporary Head Of Scorpia
Julia Rothman
52.2%
An SAS Agent Who Bullied Alex In Wales
Wolf
51.9%
Alex's Mum
Helen Rider
46.7%
Multi-
Billionaire Who Is Making A Space Hotel
Nikolei Drevin
44%
Assassin Who Was Good Friends With John Rider
Yassen Gregorovich
43%
Another Agent Who Trained With Alex In Wales
Ben Daniels
42.4%
Herod Sayle's Butler
Mr Grin
41.2%
Owner Of Point Blanc
Hugo Grief
40.6%
An Orphan Who Became A Boxer
Desmond McCain
39.6%
Hint
Character
% Correct
Nikolei Drevin's Son
Paul Drevin
38.9%
Julia Rothman's Right-
Hand-
Man
Nile
37.4%
Ex-
Soviet General
Alexei Sarov
34.7%
Ruthless Leader Of One Of The Snakeheads
Winston Yu
34.4%
Alex's Best Friend At School
Tom Harris
33.6%
Herod Sayle's Woman Assistant
Nadia Vole
29%
The Leader Of The Fake Eco-
Terrorist Group
Kaspar
28%
Another Of Force Three
Steel Watch
26%
An Agent Who Went Undercover With Alex In Skeleton Key
Belinda Troy
23.6%
The Third Of Five In Force Three
Combat Jacket
23%
Sarov's Deformed Minion
Conrad
22%
The Other Agent
Tom Turner
21.5%
The Fourth Member Of Force Three
Spectacles
20.1%
World Renowned Pop Star And Charity Man
Damion Cray
19.7%
Alex's Friend From Point Blanc Academy
James Sprintz
19.6%
One Of Force Three
Silver Tooth
19.6%
An Assassin That Desmond McCain Paid To Kill A Rival Boxer And His Plastic Surgeon
The Gentleman
16.5%
A CIA Agent Who Was Undercover In America
Ed Shulsky
6.8%
Quiz Playlist
Details
Report
Send in Message
Add To Playlist
Classic:
Type in answers that appear in a list
Quiz Source
Last Updated: Feb 16, 2017
Quiz Scoreboard
CHALLENGE
Sign Up to Join the Scoreboard
Show All
Scores
Hide
Comments
May contain spoilers
Recently Published
Image Sorting: Flags VI
by Barbecue
Geography
2m
Find the 'City' Movie
by crazypaving
Movies
60s
Colored Red Africa Blitz
by spor1
Geography
45s
More to Explore
Quiz From the Vault
Featured Blog Post
14 Easter Pick-up Lines to Find Eggs With
hide this ad
You Might Also Like...
Tags
Young Adult Quiz
Alex
Alex Rider
Character
Rider
Today's Top Quizzes in Literature
Browse Literature
hide this ad
Today's Top Quizzes in Young Adult
Browse Young Adult
Top Contributed Quizzes in Literature
1
Sneaky Slytherin Logic Puzzle
2
Harry Potter logic puzzle: The Hogwarts Soap Opera
3
Get The Picture: Black or White Literature
4
Harry Potter Slytherin Logic Puzzle
5
'Middle' Earth
6
ASOIAF Siblings Logic Puzzle
7
Logic Puzzle: Avoid Dumbledore's Army
8
A Song of Ice and Fire Logic Puzzle
9
Harry Potter Logic Puzzle 1
10
Quick Pick: Easter in Book Titles
Explore More
Trending Topics
Harry Potter
Disney
Anime
NBA
Kpop
Crossword
Marvel
NFL
Puzzle
WWE
Pokémon
The Office
Song
Soccer
Country
hide this ad
More By:
millsieminor
Quiz
Plays
Rating
Category
Featured
Created
Alex Rider Characters
1,576
4.00
Literature
Jun 17, 2010
Go to Creator's Profile
Score Distribution
Quiz Creator Spotlight
millsieminor
Follow
Send a Message
Quizzes Created
-
Created Quiz Play Count
-
More By This Creator
Popular Quizzes Today
1
Colored Red Africa Blitz
2
Find the US States - No Outlines Minefield
3
Find the 'City' Movie
4
5x2 Blitz: Bands
5
The Countries of the World
6
Find the US States
7
Find the Countries of Europe - No Outlines Minefield
8
US States
More Literature Quizzes
Literary Toponyms
Published
Trending Quizzes
Colored Red Europe Blitz I
Colored Red Europe Blitz II
Colored Red Africa Blitz II
Colored Red Europe Blitz III
Colored Red Africa Blitz III
Recently Updated
How Do You Spell That?
pecheneg
Godzilla Movies
pecheneg
Grab Bag: 4-10 Letters
pecheneg
2024 March Madness Bracket
pecheneg
Famous TV Couples
Peacemaker
Champions League XIs: Real Madrid
pecheneg
Largest US Cities 1790-2010
pecheneg
Rides in Walt Disney World
pecheneg
Most Oscar Losses (Acting)
pecheneg
Beyoncé Albums
pecheneg
Trending Topics
Anime
Crossword
Marvel
Kpop
NBA
Disney
Harry Potter
NFL
Country
WWE
The Office
Soccer
Song
Pokémon
Puzzle
Your Account Isn't Verified!
In order to create a playlist on Sporcle, you need to verify the email address you used during registration. Go to your
Sporcle Settings
to finish the process.
Report this User
Report this user for behavior that violates our
Community Guidelines
.
Details:
Send Report
Go to the Sporcle.com Mobile Site →
Comments